Responses for show #5311 - Monday, October 15, 2007

Contestants

Trip Robertson, a non-profit development director from Charleston, South Carolina

Pamela Chin, a registered nurse from West Orange, New Jersey

David Daniel, a writer and copy editor from Woodland Hills, California (whose 1-day cash winnings total $25,601)

Jeopardy! Round responses

1907
SPORTS JOES
POTPOURRI
ANIMALS IN JEOPARDY
SLOGANS & MOTTOES
ODD WORDS
    $200 11
the Follies

Trip
    $200 1
Joe DiMaggio

David
    $200 5
76

David
    $200 15
South Dakota

Pamela
    $200 18
The New York Times

David
    $200 14
a bumblebee

Pamela
    $400 12
Teddy Roosevelt

David
    $400 2
Joe Namath

Pamela
    $400 6
maggots

Pamela
    $400 16
the albatross

Triple Stumper
    $400 19
Smuckers

David
    $400 23
Defoe

Trip
    $600 13
Cubism

David
    $600 3
Joe Frazier

Pamela
    $600 7
a rear admiral

Trip
    $600 17
a squirrel

David
    $600 20
Timex

Pamela
    $600 24
a hangover

Trip
    $800 29
Kipling

Trip
    $800 4
(Pamela: Mmm... I don't know.)
(Alex: You don't know?)
(Pamela: Who is... [sighs] Joe Shmoe? [Laughs])

"Shoeless Joe" Jackson

Pamela
    $800 9
(Trip: What are drinking under the influence and reckless driving?)

speeding & drunken driving

Trip
Triple Stumper
    $800 27
(David: What is a sea horse?)

a sea lion

David
Triple Stumper
    $800 21
Jif

David
    $800 25
(Trip: What's a hammer?)

a club

Trip
Triple Stumper
    $1000 30
(David: What is Potsdam?)
(Trip: What's Amsterdam?)

The Hague

DavidTrip
Triple Stumper
    $1000 8
(Joe) Paterno

Trip
    $1000 10
(David: What are actors?)
...
(Alex: This is unusual. They used mimes. I don't know why they did that. Sounds strange. It is strange.)

mimes

David
Triple Stumper
    $1000 28
(Pamela: What is a tarantula?)

a monkey

PamelaTrip
    $1000 22
L'Oréal

Triple Stumper
    $1000 26
seersucker

Triple Stumper

Scores at the first commercial break (after clue 13):

David Pamela Trip
$400 $600 $1,000

Scores at the end of the Jeopardy! Round:

David Pamela Trip
$600 $600 $2,000

Double Jeopardy! Round responses

GERMAN CITIES
MEXICAN MOVIE MAKERS
CHILE DOGS
AUSTRALIAN LIT
ETHIOPIAN CUISINE
"ONE" WORLD
    $400 21
Foreign Language Film

Trip
    $400 11
a Great Dane

Trip
    $400 1
The Thorn Birds

Pamela
    $400 6
(David: What is rare?)

uncooked (or raw)

DavidTrip
    $400 16
(David: What is a U-turn?)

a one-eighty

David
Triple Stumper
    $3,500 22
(David: [Shakes head] What is Heist?)

Babel

Trip
    $800 12
a collie

Trip
    $800 2
(Trip: What's stream of conscious?)
[Originally accepted as correct, reversed before first Daily Double]

stream of consciousness

Trip
Triple Stumper
    $800 7
(Trip: What's a drink?)
(Alex: Be more specific.)

a mead (or wine)

Trip
    $800 17
One Thousand and One Nights

David
    $1200 23
Tim Burton

Trip
    $1200 13
a bloodhound

David
    $1200 3
Germaine Greer

Pamela
    $1200 8
a demitasse

David
    $1200 18
(Alex: You guys are complicating this too much!)
(David: Thinking too hard.)

Act One

Triple Stumper
    $1600 24
Harry Potter and the Prisoner of Azkaban

David
    $1600 14
a golden retriever

David
    $1600 4
Morris West

Triple Stumper
    $1600 9
a grain

Trip
    $1600 19
one hand clapping

David
    $2000 25
Pan's Labyrinth

Triple Stumper
    $2,000 15
(David: What is a St. Bernard?)

the German shepherd

David
    $2000 5
(Nevil) Shute

Trip
    $2000 10
butter

Triple Stumper
    $2000 20
Bank One

David

Scores at the end of the Double Jeopardy! Round:

David Pamela Trip
$7,800 $2,200 $5,300

[wagering suggestions for these scores]

Final Jeopardy! Round responses

ARTISTS
PamelaWho is Monet
$2,199
TripWho is Van Gogh
$5,299
DavidWho was Picasso
$2,801
Claude Monet

Final scores:

David Pamela Trip
$4,999 $4,399 $1
2-day champion: $30,600 2nd place: $2,000 3rd place: $1,000

Game dynamics:

Coryat scores:

David Pamela Trip
$9,800 $3,000 $8,800
15 R,
6 W
(including 1 DD)
8 R,
2 W
(including 1 DD)
15 R,
5 W
(including 1 DD)

Combined Coryat: $21,600

The J! Archive is created by fans, for fans. The Jeopardy! game show and all elements thereof, including but not limited to copyright and trademark thereto, are the property of Jeopardy Productions, Inc. and are protected under law. This website is not affiliated with, sponsored by, or operated by Jeopardy Productions, Inc. Join the discussion at JBoard.tv.